000 01009nam a2200265 a 4500
001 24363
003 BD-RjUL
005 20211209001036.0
008 140313s1991 nyu b i10000 eng d
020 _a9211421810 (pbk.)
035 _a(BD-RjUL)24429
040 _aXNTU
_cXNTU
_dVMOU
_dBD-RjUL
_beng
041 _aeng
082 0 _a327.174
_220
_bCHA 1991
245 0 0 _aChallenges to multilateral disarmament in the post-cold-war and post-Gulf-war period /
_cUnited Nations Department for Disarmament Affairs.
260 W _aNew York :
_bUnited Nations, Dept. for Disarmament Affairs,
_cc1991.
300 _axv, 334 p. ;
_c28 cm
500 _aProceedings of an unnamed conference at Kyoto, Japan, in May 1991.
504 _aIncludes bibliographical references.
650 0 _aDisarmament
_xCongresses.
_975007
650 0 _aArms control
_xCongresses.
_916846
710 2 0 _aUnited Nations.
_bDepartment for Disarmament Affairs.
_974925
942 _2ddc
_cBK
999 _c24363
_d24363